Clubs de Ligue 1 de la saison 2025-2026 - Statistiques

Statistiques générales
  • Ce quiz a été pris 556 fois
  • Le résultat moyen est 16 sur 18
Statistiques - réponses
Réponse % Correct
P PSG | Paris Saint Germain
100%
M Marseille | OM
99%
L Lyon | OL
98%
L Lille | Losc
97%
T Toulouse | Toulouse Fc
96%
L Lens | Rc Lens
94%
R Rennes | Stade Rennais
94%
M Monaco | As Monaco
93%
S Strasbourg | Racing Strasbourg | Rcsa
93%
N Nantes | Fc Nantes
92%
P Paris Fc
92%
N Nice | OGC Nice
91%
L Lorient | Fc Lorient
87%
A Angers | Angers Sco
86%
B Brest | Stade Brestois
86%
M Metz | Fc Metz
82%
A Auxerre | Aja
81%
L Le Havre | Hac
72%
Aucun quiz correspondant
Distribution des résultats
% des personnes avec chaque résultat
Percentile par nombre de réponses
Votre historique - résultats
Vous n’avez pas pris ce quiz